00607 2200229 4500001002100000005001500021035002000036245004200056100002600098260006000124082001100184084001700195020001800212008004100230650001100271650002000282650002100302650001300323650001100336990001500347990001500362INLIS00000000000009520251118022806 a0010-11250000951 aBerani Bicara /cDiah Erna Triningsih1 aTriningsih, Diah Erna aYogyakarta :bKompetensi Terapan Sinergi Pustaka,c2007 a808.51 a808.51 TRI b a979-1456-06-7251118 g 0 ind  aBicara aPublik Speaking aBahasa Indonesia aKeahlian aSastra a0055/TP/15 a0055/TP/15